Asian Countries Beginning with the Letters of JETPUNK - Statistics

General Stats
  • This quiz has been taken 926 times
  • The average score is 14 of 17
Answer Stats
Country % Correct
Japan
95%
Jordan
93%
Kazakhstan
87%
Turkmenistan
87%
Thailand
85%
Uzbekistan
85%
Pakistan
84%
Tajikistan
84%
Turkey
84%
Kyrgyzstan
81%
Nepal
81%
East Timor
79%
Taiwan
79%
Philippines
77%
North Korea
76%
United Arab Emirates
76%
Kuwait
75%
No matching quizzes found
Score Distribution
Percent of People with Each Score
Percentile by Number Answered
Your Score History
You have not taken this quiz